00810 a2200205 4500003000500000005001700005010001300022040000900035082001200044100002900056245011200085260003700197300001900234505012500253600003000378650003500408942002100443999001900464952012100483NUST20230130131841.0 a64004150 cNust a920,STR aStrachey, Lytton9108059 aEminent Victorians:bCardinal Manning, Florence Nightingale, Dr. Arnold, General Gordon /cLytton Strachey, aNew York,bCapricorn Booksc1945 a302 p.;b19 cm aCardinal Manning (Page-1), Florence Nightingale (Page-115), Dr. Arnold (Page-177), The End Of General Gordon (Page-209). aStrachey, Lytton,9108059 aBiographies of leaders9108060 2ddccBKk920,STR c187138d187138 00102ddc4070aMCSbMCScGENd2016-12-12o920,STRpMCS29237r2016-12-08w2016-12-12yBKzAlmirah No.59, Shelf No.4